000 00264nam a22001097a 4500
008 170124b xxu||||| |||| 00| 0 eng d
020 _a9780838570630
041 _aeng
080 _a618.2
245 _aCOMPREHENDING THE NURSING PROCESS
_cALLEN, C.V
942 _2udc
_cBK
999 _c3475
_d3475